Statistiques concernant Stargate : Races et peuples

Cliquez ici pour prendre le quiz!

Statistiques générales

  • Ce quiz a été pris 152 fois
  • Le résultat moyen est 12 sur 21

Statistiques - réponses

SG1/SGA/SGU ?DescriptionNom de la race/peuple% Correct
SG1 - SGA - SGULes constructeurs de la porte des étoile. Descendent des Altérans. Avaient forme humaine, puis se sont élever sous forme d'énergie.Anciens
97%
SG1 - SGA (saison 2)Race de parasites prenant le contrôle de leur hôte et se faisant passer pour des dieux.Goa'uld
94%
SG1 - SGAEspèce d'araignées métalliques dans la Voie Lactée et humanoïdes dans Pégase, qui détruisent toute civilisation technologique rencontrée pour se répliquer.Réplicateurs
93%
SG1-SGAMembre des 4 Races, et allié de la Terre (5ème Race). Ont pris des noms nordiques pour protéger leur planète des ennemis.Asgards
92%
SG1 (saison 1-10)Race créée pour servir les maîtres/dieux. Ce sont des humains génétiquement modifiés portant un symbiote dans leur poche ventrale. La trétonine et le chute de l'empire des faux-dieux, libère ce peuple.Jaffas
91%
SG1 - SGA - SGUHabitants de la Terre. Ils sont appelés "Tau'ri" en langue goa'uld. Peuple insignifiant aux yeux des autres civilisations de la galaxie.Terriens/Humains
83%
SG1 (saison 9-10)Race ennemie d'êtres élevés, descendent des Altérans. Ils ont atteint l'ascension et utilisent leur pouvoirs à leur avantage. Ils obligent des peuples entiers à les vénérer pour accroître leurs pouvoirs. Les "prêcheurs" servent d'intermédiaires dans ce but.Oris
82%
SG1 (saison 1-10)Peuple se disant "contre-Râ" mais plus généralement contre la domination des faux-dieux. Gardent à garder un contact entre leur symbiote et l'hôte.Tok'ras
81%
SG1 (saison 1 à 6)1ère planète exploré. Détruite par Anubis.Abydossiens
76%
SG1 (saison 1-3)Peuple pacifique technologiquement avancée et refuse de la partager à ce qui sont moins avancée qu'eux. Capable de se rendre invisible et de guérir. Membre des 4 Races.Nox
70%
SGARace se nourrissant de l'énergie vitale des humains, et qui a conduit les Anciens à fuir la galaxie de Pégase. Ils utilisent une biotechnologie avancée, ils disposent de plusieurs sortes de vaisseaux.Wraiths
70%
SG1 (saison 1-5)Race extraterrestre primitive mais puissante et robuste. Ils furent les 1ers hôtes des parasites/faux-dieux. Chaka est un fidèle ami à Daniel Jackson.Unas
58%
SG1 (saison 1-5)Race d'humains technologiquement avancée capable de traverser les murs et réputé pour ses canons à ions. La planète détruite par Tanith et Anubis.Tollans
43%
SG1 - SGA (saison 2)Organisation terrienne d'ex-agents du N.I.D visant à défendre la Terre. Le chantage, l'enlèvement, la corruption, l'assassinat et génocides sont leurs actions. L'organisation est passée sous le contrôle de Ba'al et semblables.Confrérie
37%
SGA1er peuple rencontrer par SGA. Leur chef se nomme Teyla Emmagan.Athosiens
35%
SG1-SGUOrganisation mafieuse qui agit dans la Voie Lactée suite à la chute des faux-dieux et la libération des Jaffas. Il arrive également à attaquer le Destinée.Alliance Luxienne
34%
SGA (saison 1-2)Peuple humain de la galaxie de Pégase. Plus grande puissance militaire humaine de la galaxie, après l'Expédition Atlantis. Vivent dans des bunkers et cherche des armes explosifs/nucléaires pour combattre leurs ennemis.Genii
34%
SGAPeuple de la galaxie de Pégase. Ronon Dex, personnage principal de Stargate Atlantis fait partie de ce peuple.Satédiens
30%
SGUExtraterrestres de couleur bleu dans des combinaisons noirs. Hostile envers l'équipage du Destinée. Ils disposent de vaisseaux-mères et chasseurs. Ils capturent Nicholas Rush et Chloe Armstrong dans le but de les étudier.Nakais
11%
SGU (saison 2)Petits humanoïdes à peau grise. L'équipage du Destinée les rencontre à bord d'un vaisseau poseur de porte. Telford s'intègre à leur équipage.Ursinis
8%
SGU (saison 2)Ennemis robotiques et spatiales, sont des vaisseaux sans pilote. Origine inconnu. Un vaisseau mère peut contrôler des milliers de vaisseaux.Drones
6%

Distribution des résultats

Percentile par nombre de réponses

% des personnes avec chaque résultat

Votre développement - résultats

Vous n’avez pas pris ce quiz